| 000 | 00875cab a2200301 4500 | ||
|---|---|---|---|
| 001 | ABS52682 | ||
| 008 | 090401t1995 xxu||||| |||| 00| 0 eng d | ||
| 035 | _a(Sirsi) u90572 | ||
| 041 | _aeng | ||
| 100 | _aDemaus, R. | ||
| 245 | _aStructural timber testing | ||
| 260 | _c1995 | ||
| 350 | _a0 | ||
| 490 |
_aConstruction Repair _v9(2) March/April 1995, 23-27(5) |
||
| 520 | _aReviews the use of non-destructive testing techniques in the assessment of historic buildings. | ||
| 650 | _aDEATH WATCH BEETLE | ||
| 650 | _aFIRE DAMAGE | ||
| 650 | _aHISTORIC BUILDINGS | ||
| 650 | _aMICRO-DRILLING | ||
| 650 | _aNON-DESTRUCTIVE TESTING | ||
| 650 | _aREPAIRS | ||
| 650 | _aBUILT ENVIRONMENT-BUILDING MATERIALS-STONE | ||
| 650 | _aULTRASOUND | ||
| 690 | _aBUILT ENVIRONMENT-BUILDING INSPECTION | ||
| 690 | _aCONSERVATION | ||
| 942 | _n0 | ||
| 948 | _c04/03/1997 | ||
| 999 |
_c57435 _d57435 |
||